Normal view
MARC view
- LAW OF THE CONSTITUTION
Entry Topical Term
001 - CONTROL NUMBER
- control field: 61620
003 - CONTROL NUMBER IDENTIFIER
- control field: NUST
005 - DATE AND TIME OF LATEST TRANSACTION
- control field: 20210628202803.0
008 - FIXED-LENGTH DATA ELEMENTS
- fixed length control field: 210628|| aca||aabn | a|a d
040 ## - CATALOGING SOURCE
- Original cataloging agency: NUST
- Transcribing agency: NUST
150 ## - HEADING--TOPICAL TERM
- Topical term or geographic name entry element: LAW OF THE CONSTITUTION
670 ## - SOURCE DATA FOUND
- Source citation: Work cat.: (NUST): Dicey, A.V 61619, Introduction to the study of the law of the constitution, 2007
